| 000 | 00753nam a22002297a 4500 | ||
|---|---|---|---|
| 003 | OSt | ||
| 005 | 20140310181921.0 | ||
| 008 | 130718t xxu||||| |||| 00| 0 eng d | ||
| 020 | _a0873533496 | ||
| 050 |
_aQA 135.5 _b.T57 1992 |
||
| 082 |
_aTR 372.7044 _bT52 1992 |
||
| 100 |
_aTischler, Rosamond Welchman _91607 |
||
| 245 |
_aHow to use children's literature to teach mathematics / _cRosamond Welchman Tischler. |
||
| 260 |
_aReston, VA : _bNational Council of Teachers of Mathematics, _cc1992. |
||
| 300 |
_a75 p. : _bill. ; _c28 cm. |
||
| 500 | _aIncludes bibliographical references. | ||
| 521 | _aFaculty | ||
| 541 | _j1 | ||
| 562 | _e1 | ||
| 650 |
_aMathematics _xStudy and teaching (Elementary) _91608 |
||
| 942 |
_2lcc _cBK-TR _kTR |
||
| 999 |
_c6971 _d6971 |
||